<?xml version="1.0" encoding="UTF-8"?>
<record
    xmlns:xsi="http://www.w3.org/2001/XMLSchema-instance"
    xsi:schemaLocation="http://www.loc.gov/MARC21/slim http://www.loc.gov/standards/marcxml/schema/MARC21slim.xsd"
    xmlns="http://www.loc.gov/MARC21/slim">

  <leader>02625nam a22002537a 4500</leader>
  <controlfield tag="005">20240305165424.0</controlfield>
  <controlfield tag="007">cr||||   |||| </controlfield>
  <controlfield tag="008">140714s2013    es |||||s|||| 00||0 spa d</controlfield>
  <datafield tag="020" ind1=" " ind2=" ">
    <subfield code="a">978-84-9031-810-2</subfield>
  </datafield>
  <datafield tag="035" ind1=" " ind2=" ">
    <subfield code="a">12263</subfield>
  </datafield>
  <datafield tag="040" ind1=" " ind2=" ">
    <subfield code="a">vLex</subfield>
  </datafield>
  <datafield tag="090" ind1=" " ind2=" ">
    <subfield code="c">5042</subfield>
    <subfield code="d">5042</subfield>
  </datafield>
  <datafield tag="100" ind1="1" ind2=" ">
    <subfield code="a">Santaolalla L&#xF3;pez, Fernando</subfield>
  </datafield>
  <datafield tag="245" ind1="1" ind2="0">
    <subfield code="a">Derecho parlamentario espa&#xF1;ol</subfield>
    <subfield code="h">[Recurso electr&#xF3;nico] /</subfield>
    <subfield code="c">Fernando Santaolalla L&#xF3;pez</subfield>
  </datafield>
  <datafield tag="256" ind1=" " ind2=" ">
    <subfield code="a">Servicio en l&#xED;nea</subfield>
  </datafield>
  <datafield tag="260" ind1=" " ind2=" ">
    <subfield code="a">Madrid:</subfield>
    <subfield code="b">Dykinson,</subfield>
    <subfield code="c">2013</subfield>
  </datafield>
  <datafield tag="300" ind1=" " ind2=" ">
    <subfield code="a">1 recurso electr&#xF3;nico</subfield>
  </datafield>
  <datafield tag="500" ind1=" " ind2=" ">
    <subfield code="a">Nuestro Derecho parlamentario no ha sufrido grandes transformaciones en las &#xFA;ltimas d&#xE9;cadas. De hecho se mantiene la arquitectura de la transici&#xF3;n. Y as&#xED; la Constituci&#xF3;n es la misma como son los mismos los reglamentos parlamentarios. Pero en cambio s&#xED; se han producido numerosos cambios menores, que obligaban a integrarlos en la nueva edici&#xF3;n. Pi&#xE9;nsese, por ejemplo, en las normas sobre informaci&#xF3;n sobre secretos oficiales, sobre reformas de estatutos de autonom&#xED;a, sobre el objetivo de estabilidad presupuestaria, nombramientos por las C&#xE1;maras de titulares de otras instituciones, sobre el voto telem&#xE1;tico de los diputados y uso de las lenguas auton&#xF3;micas en el Senado. Pero sobre todo la gran innovaci&#xF3;n ha venido de la mano del Tribunal Constitucional, con la abundante (y a nuestro juicio excesiva) jurisprudencia sobre actos parlamentarios. Y tambi&#xE9;n con la todav&#xED;a m&#xE1;s abundante literatura jur&#xED;dica sobre esta materia. Nuestro deseo era dar cuenta de todo lo anterior, pero siempre dentro del marco resumido propio de un manual? Hemos procurado incorporar todas las innovaciones normativas y jurisprudenciales, de tal modo que el lector tenga una idea actualizada de la organizaci&#xF3;n y funcionamiento de nuestro Parlamento? Se han a&#xF1;adido unos pocos ep&#xED;grafes para completar aspectos insuficientemente abordados en versiones anteriores. Tal es el caso de la noci&#xF3;n e historia del Parlamento, de las materias clasificadas, de la publicidad de las sesiones, de elecciones y nombramientos, de las comparecencias informativas y del debate sobre el estado de la naci&#xF3;n.</subfield>
  </datafield>
  <datafield tag="506" ind1="1" ind2=" ">
    <subfield code="a">Disponible solo en los productos indicados</subfield>
    <subfield code="d">vLex Global</subfield>
    <subfield code="d">vLex Global (Academic Edition, excluding Law Schools)</subfield>
    <subfield code="d">vLex Global (U.S. Academic Edition, Law Schools)</subfield>
    <subfield code="d">vLex Global (U.S. Academic Edition, excluding Law Schools)</subfield>
    <subfield code="d">vLex Global (Academic Edition, Law Schools)</subfield>
  </datafield>
  <datafield tag="650" ind1="0" ind2="4">
    <subfield code="a">Derecho Constitucional</subfield>
    <subfield code="z">Espa&#xF1;a</subfield>
  </datafield>
  <datafield tag="740" ind1="0" ind2=" ">
    <subfield code="a">vLex Libros (Servicio en l&#xED;nea)</subfield>
  </datafield>
  <datafield tag="856" ind1="4" ind2="0">
    <subfield code="u">https://app.vlex.com/#/sources/derecho-parlamentario-espa-ol-12263</subfield>
  </datafield>
  <datafield tag="942" ind1=" " ind2=" ">
    <subfield code="c">RAA</subfield>
  </datafield>
  <datafield tag="952" ind1=" " ind2=" ">
    <subfield code="0">0</subfield>
    <subfield code="1">0</subfield>
    <subfield code="4">0</subfield>
    <subfield code="7">0</subfield>
    <subfield code="8">VLEX</subfield>
    <subfield code="9">321382</subfield>
    <subfield code="a">BD-UIN</subfield>
    <subfield code="b">BD-UIN</subfield>
    <subfield code="d">2024-03-05</subfield>
    <subfield code="l">0</subfield>
    <subfield code="p">12263</subfield>
    <subfield code="r">2024-03-05</subfield>
    <subfield code="w">2024-03-05</subfield>
    <subfield code="y">RAA</subfield>
  </datafield>
  <datafield tag="999" ind1=" " ind2=" ">
    <subfield code="c">163390</subfield>
    <subfield code="d">163390</subfield>
  </datafield>
</record>
